| 000 | 00353pam a2200157a 44500 | ||
|---|---|---|---|
| 008 | 230515b1996 xxu||||| |||| 00| 0 eng d | ||
| 020 | _aNULL | ||
| 041 | _aENGL | ||
| 082 | _a621.3916/MAL | ||
| 100 | _aMALVINO &BROWN | ||
| 245 | _aDIGITAL COMPUTER ELECTRONICS | ||
| 250 | _a3 | ||
| 260 |
_aNULL _bT.M.H _c1996 |
||
| 300 | _a522 PB | ||
| 650 | _aNULL | ||
| 999 |
_c658517 _d658517 |
||